|
|
|
|
| LEADER |
00000nam a22000007a 4500 |
| 005 |
20220823000249.0 |
| 007 |
cr|||| |||| |
| 008 |
220823s2021 pe |||||s|||| 00||0 spa d |
| 020 |
|
|
|a 9786123251758
|
| 035 |
|
|
|a 36930
|
| 040 |
|
|
|a vLex
|
| 090 |
|
|
|c 13784
|d 13784
|
| 100 |
1 |
|
|a Sarzo Tamayo, Renato
|
| 245 |
1 |
0 |
|a Pragmt̀ica del control sobre el derecho a la huelga
|h [Recurso electrn̤ico] :
|b Anl̀isis de la regulacin̤ legal y administrativa /
|c Renato Sarzo Tamayo
|
| 256 |
|
|
|a Servicio en ln̕ea
|
| 260 |
|
|
|a Lima:
|b Palestra Editores,
|c 2021
|
| 300 |
|
|
|a 1 recurso electrn̤ico
|
| 500 |
|
|
|a El derecho a la huelga est ̀reconocido en la Constitucin̤, la misma que remite a la ley para la regulacin̤ de sus “excepciones y limitaciones” (art. 28). En este marco, la legislacin̤ vigente se ha encargado de establecer mecanismos de control sobre su ejercicio. Este volumen propone una nueva lectura del derecho a la huelga que permita su garanta̕ efectiva en cuanto derecho constitucional. Con este props̤ito, el volumen analiza la legislacin̤ vigente as ̕como los impedimentos reales existentes para el ejercicio del derecho a la huelga. A continuacin̤, se examinan los criterios utilizados por la Autoridad Administrativa de Trabajo al momento de verificar los cumplimientos legales para su ejercicio. Con este diagns̤tico, que mira la prc̀tica antes que la formalidad normativa, el autor propone un conjunto de reformas con el fin de asegurar que el derecho a la huelga se pueda ejercer de mejor manera. Se trata de una mirada integral sobre los problemas para el ejercicio del derecho a la huelga que incluye, no obstante, una propuesta para su efectiva garanta̕ en tanto derecho constitucional.
|
| 506 |
1 |
|
|a Disponible solo en los productos indicados
|d vLex Global
|d vLex Global (Academic Edition, excluding Law Schools)
|d vLex Global (U.S. Academic Edition, Law Schools)
|d vLex Global (U.S. Academic Edition, excluding Law Schools)
|d vLex Global (Academic Edition, Law Schools)
|
| 650 |
0 |
4 |
|a Derecho Laboral y Seguridad Social
|z Per︢
|
| 650 |
0 |
4 |
|a Procedimiento Laboral
|z Per︢
|
| 740 |
0 |
|
|a vLex Libros (Servicio en ln̕ea)
|
| 856 |
4 |
0 |
|u https://app.vlex.com/#/sources/36930
|z Acceso restringido
|
| 942 |
|
|
|c BOOK
|
| 999 |
0 |
|
|a Labor Law and Social Security
|
| 999 |
0 |
|
|a Labor Procedure
|